00299nam a2200097Ia 4500008004100000041000800041100003200049245007000081260003100151999001900182241105s9999 xx 000 0 und d aeng aMudholkar Parikshit9183183 aAnalysis Of Pollution Problems And Its Impacts On The Surrounding bBNCA M Arch EA, Punec2017 c361478d361478